000 00477nam a22001337a 4500
082 _a624.25
_bDES
_cD
110 _aUS Department of Transportation.
_936995
245 _aDesign and construction of low water stream crossings,
_cUS Department of Transportation.
260 _aUnited State :
_bUS Department of Transportation Federal Highway Administration,
_c1983.
300 _aMisc Pages
526 _a0
_b0
_c0
_d624_250000000000000_DES
650 _aMCE
_9379
942 _2ddc
_cBK
999 _c547314
_d547314